000 00649nam a2200181 i 4500
001 32820
003 ES-MaACL
005 20230906154636.0
007 t|
008 030131s1976 sp ||||1| spa d
100 1 _aBenito Ruano, Eloy.
_927689
245 1 3 _aEl problema sucesorio de la Corona de Castilla a la muerte de Don Fernando de la Cerda /
_cEloy Benito Ruano.
260 _a[Madrid] :
_bInstituto de Estudios Manchegos,
_c[1976]
300 _a5 h. ;
_c24 cm.
500 _aEs separata de: VII Centenario del Infante Don Fernando, p. 217-225.
710 2 _aInstituto de Estudios Manchegos.
_94919
852 _aES-MaACL
_j2106-F-29
_bR.99371
999 _c32820
_d32820